• 首页
  • 本馆介绍
  • 公告通知
  • 最新文献
  • 馆藏检索
  • 电子资源
  • 读者导购
  • 参考咨询
  • 我的图书馆
  • 登录
  • 详细信息显示
  • 放入我的书架
  • 预约/预借图书
  • 作者相关作品
  • 分类相关作品
  • 丛书相关作品
  • 出版社相关作品

书目信息

  • 表格格式
  • 工作单格式
  • 卡片格式
题名:
物理海洋学
    
 
作者: 川合英夫 , 高野健三 著 ;涂仁亮 , 薛金声 , 李玉瑛 , 王兆祥 译
分册: 第2卷  
出版信息: 北京   科学出版社  1985
页数: 345页
开本: 19cm
丛书名:
单 册:
中图分类: P733
科图分类:
主题词: 海洋物理学
电子资源:
ISBN:
000 00897nam0 2200301 45
001 0185010656
005 20040524175859.6
010    @dCNY2.65
091    @a13031.2866
100    @a19900904d1985 kemy0chiy0121 ea
101 1  @achi@cjpn
102    @aCN@b110000
105    @ay z 000yy
106    @ar
200 10 @a物理海洋学@Awu li hai yang xue@h第2卷@f(日)高野健三, (日)川合英夫著@F(Ri)Gao Ye Jian San,(Ri)Chuan He Ying Fu Zhu@g涂仁亮等译
210    @a北京@c科学出版社@d1985
215    @a345页@d19cm
606    @a海洋物理学
690    @aP733@v3
701  0 @a川合英夫@Achuan he ying fu@4著
701  0 @a高野健三@4著
702  0 @a涂仁亮@Atu ren liang@4译
702  0 @a薛金声@Axue jin sheng@4译
702  0 @a李玉瑛@Ali yu ying@4译
702  0 @a王兆祥@Awang zhao xiang@4译
801  0 @aCN@b深圳图书馆@c20040524
801  2 @aCN@bNLC@c20040524
905    @f1@b133595@dP733@e15:2
    
    物理海洋学.第2卷/(日)高野健三, (日)川合英夫著/涂仁亮等译.-北京:科学出版社,1985
    345页;19cm
    
    
    ISBN :CNY2.65
    
●
相关链接 在E读中查询图书 在五车中查询图书 在当当中查询图书 在豆瓣中查询图书


正题名:物理海洋学     索取号:P733/15:2         预约/预借

序号 登录号 条形码 馆藏地/架位号 状态 备注
1 0133595   000624658   第三借阅区/ [索取号:P733/15:2] 在馆    
2 0133596   202122470   第二样本阅览室/ [索取号:P733/15:2] 在馆    
唐山师范学院图书馆 欢迎您!
大连网信软件有限公司© 版权所有